Petite introduction à la philosophie (notice n° 2163812)

détails MARC
000 -LEADER
fixed length control field 01549cam a2200133 4500500
005 - DATE AND TIME OF LATEST TRANSACTION
control field 20260405040636.0
041 ## - LANGUAGE CODE
Language code of text/sound track or separate title fre
042 ## - AUTHENTICATION CODE
Authentication code dc
100 10 - MAIN ENTRY--PERSONAL NAME
Personal name Raffin, Françoise
Relator term author
245 00 - TITLE STATEMENT
Title Petite introduction à la philosophie
260 ## - PUBLICATION, DISTRIBUTION, ETC.
Name of publisher, distributor, etc. Armand Colin,<br/>
Date of publication, distribution, etc. 2009.<br/>
520 ## - SUMMARY, ETC.
Summary, etc. La philosophie ne se réduit ni à une doctrine ni à un ensemble d’opinions. Elle est d’abord une démarche d’approche et de problématisation du réel. Cet ouvrage : • montre comment l’expérience suscite l’interrogation et ouvre à la pensée ; • s’appuie sur des textes philosophiques pour éclairer les concepts et forger l’esprit critique ; • propose des sujets de réflexion ; • unit l’analyse des notions et les grands textes de la tradition et de la modernité philosophiques pour penser au présent. Cette nouvelle version fait une place plus importante aux distinctions conceptuelles ou « repères » qui sont l’innovation majeure du programme de philosophie des classes de terminales. Leur caractère opératoire est décisif pour le travail philosophique de la dissertation comme de la lecture et de l’étude de texte. Les distinctions les plus communes et les mieux partagées constituent une liste officielle qui s’ajoute aux listes de notions et d’auteurs. Ce livre est destiné aux classes de terminale et aux étudiants de classes préparatoires et de Licence. 
856 41 - ELECTRONIC LOCATION AND ACCESS
Uniform Resource Identifier <a href="https://shs.cairn.info/petite-introduction-a-la-philosophie--9782200355654?lang=fr&redirect-ssocas=7080">https://shs.cairn.info/petite-introduction-a-la-philosophie--9782200355654?lang=fr&redirect-ssocas=7080</a>

Pas d'exemplaire disponible.

PLUDOC

PLUDOC est la plateforme unique et centralisée de gestion des bibliothèques physiques et numériques de Guinée administré par le CEDUST. Elle est la plus grande base de données de ressources documentaires pour les Étudiants, Enseignants chercheurs et Chercheurs de Guinée.

Adresse

627 919 101/664 919 101

25 boulevard du commerce
Kaloum, Conakry, Guinée

Réseaux sociaux

Powered by Netsen Group @ 2025